Biggest Ticketed Concerts - Statistics

General Stats
  • This quiz has been taken 16 times
  • The average score is 5 of 20
Answer Stats
Genre Artist Attendance City Year % Correct
Pop Michael Jackson 125,000 Liverpool 1988
77%
Rock The Rolling Stones 126,742 Prague 1995
69%
Pop Madonna 130,000 Paris 1987
62%
Rock Queen 131,000 São Paulo 1981
54%
Rock U2 150,000 Reggio Emilia 1997
46%
Rock Oasis 125,000 Stevenage 1996
31%
Rock Oasis 125,000 Stevenage 1996
31%
Pop Robbie Williams 125,000 Stevenage 2003
23%
Pop Robbie Williams 125,000 Stevenage 2003
23%
Hard rock Kiss 137,000 Rio de Janeiro 1983
15%
Rock Vasco Rossi 225,173 Modena 2017
15%
Rock Bruce Springsteen 160,000 Berlin 1988
8%
Jazz/Swing Frank Sinatra 175,000 Rio de Janeiro 1980
8%
Rock Luciano Ligabue 165,264 Reggio Emilia 2005
8%
Rock/Pop Paul McCartney 184,000 Rio de Janeiro 1990
8%
Rock/R&B Tina Turner 180,000 Rio de Janeiro 1988
8%
Rock Bijelo Dugme 220,000 Belgrade 2005
0%
Turbo-folk Ceca 150,000 Belgrade 2013
0%
J-rock Glay 200,000 Chiba 1999
0%
Rock Indio Solari 243,000 Buenos Aires 2017
0%
No matching quizzes found
Score Distribution
Percent of People with Each Score
Percentile by Number Answered
Your Score History
You have not taken this quiz